The Ten Essentials Quiz Stats

 Plays Quiz Updated Oct 24, 2018

Score 0/10 Timer 05:00
3 Plays Today
# Emergency Wilderness Survival Essential % Correct
4.Hydration (extra water)
96.7%
3.Nutrition (extra food)
94.8%
2.Emergency Shelter
82.5%
9.Fire
80%
6.Insulation (extra clothing)
79%
10.Repair kit and tools
65.5%
1.Navigation
61.4%
8.First Aid Supplies
49.8%
7.Illumination (flashlight or headlamp)
44.7%
5.Sun Protection
18.5%

You're not logged in!

Compare scores with friends on all Sporcle quizzes.
OR
Log In

Sporcle TV

Today on Sporcle TV


Watch our educational content, quiz creation guides, and fun videos on Sporcle TV.

Show Comments

Extras

Top Quizzes Today


Score Distribution

Your Account Isn't Verified!

In order to create a playlist on Sporcle, you need to verify the email address you used during registration. Go to your Sporcle Settings to finish the process.

Report this User

Report this user for behavior that violates our Community Guidelines.

Details: